000 02862nam a22002657a 4500
003 EG-NbEJU
005 20260317095842.0
008 250806s2009 ua gr 000 0 ara d
017 _a2007 / 3769
_bمصر . دار الكتب المصرية
020 _a977027085
040 _aEG-NbEJU
_bara
_cEG-NbEJU
041 _aara
050 _aPJ7542 .D3
_bA8 2009
100 1 _aضيف ، شوقي ،
_d1910 - 2005
245 1 2 _aعصر الدول و الإمارات :
_bليبيا - تونس - صقلية /
_cبقلم شوقي ضيف
250 _aالطبعة الحادية عشرة
260 _aالقاهرة :
_bدار المعارف ،
_c2009
300 _a448 صفحة ؛
_c24 سم
490 0 _aتاريخ الأدب العربي
_v9
520 _aهذا الجزء من تاريخ الأدب العربي يخص ليبيا وتونس وصقلية يؤرخ فيها المؤلف لهذه البلاد بدءًا من ليبيا فتحدث عن تاريخها وجغرافيتها وعن زروعها وصناعتها وتجارتها وموانيها كما تحدث عن فتح العرب لها وعن ولائها أيام الأمويين والعباسيين والحركة العلمية وحلقات العلماء والكتاتيب. ثم انتقل المؤلف إلى القطر التونسى قلب إفريقيا النابض فتحدث عن جغرافيته وتاريخه وفتح العرب له واعتناق أهله الدين الإسلامي . وقد هيأ الإقليم التونسى لسكانه رخاء واسعا وحديثا من الزروع والصناعات مثل صناعة الزجاج والبلور والخزف والمنسوجات والسجاجيد وفنون الزخرفة، وانتشرت فيه تعاليم الإسلام وشريعته وأقبل البربر على اعتناق الإسلام وحضور حلقات العلماء. كما تحدث المؤلف عن حركة أدبية واسعة ووفود الشعراء إليها.ثم انتقل أخيرا إلى صقلية وشرح جغرافيتها وتاريخها القديم وفتح إفريقية التونسية لها وتكلم عن حكم المسلمين لصقلية وكيف تعاملوا مع المسيحيين معاملة سمحة كريمة. ونقل العرب إلى صقلية الحركة العلمية الموجودة بالقيروان والعلوم الدينية واللغوية واشتهرت صقلية في ذلك العهد بفلكيين ورياضيين ومهندسين كبار وعلوم الترجمة والشعر كما تحدث المؤلف عن النثر وكتابه البارعين وعلم الرسائل وغيرها من العلوم ...
650 7 _2qrmak
_aالشعر العربي
_xتاريخ و نقد
901 _aKholoud
902 _aEJUST_1304_ (46)
942 _2lcc
_cBK
_n0
999 _c7434
_d7434